000 00835nam a22001817a 4500
999 _c371380
_d371380
008 201127b ||||| |||| 00| 0 eng d
040 _aDE-2950
_bger
_cDE-2950
_erda
041 _ager
245 _aWarum in Frankfurt demonstriert wird.
_bProtest: Auch in Frankfurt ziehen jede Woche Hunderte durch die Stadt, um gegen Corona-Regeln zu protestieren. Auch an diesem Montag blieb alles friedlich. Was Teilnehmer bewegt, wie Gerüchte verbreitet werden und was Stadtpolitiker dazu sagen./.
_cPhillipp Stepputtis
264 _c2022
653 _aFrankfurt (Oder)
653 _aPandemie/Corona
773 _dFrankfurt (Oder) Märkisches Verlags- und Druckhaus GmbH & Co KG
_tMärkische Oderzeitung
_g33. Jahrgang (2022) Nr. 21 vom 26.01.2022, S. 15
942 _cA